000 00661nam a2200229 a 4500
001 000008053
005 20200929154418.0
008 940610s1994 sp 000 f spa d
020 _a8432230154
040 _aDO-SdBNP
_bspa
_cBNPHU
082 _aCu863.44
_bC297r, 1994
100 1 _aCarpentier, Alejo,
_d1904-1980
_98634
245 1 3 _aEl reino de este mundo /
_cAlejo Carpentier.
250 _a8a ed.
260 _aBarcelona :
_bSeix Barral,
_c1994.
300 _a144 p. ;
_c19 cm.
490 1 _aBiblioteca de bolsillo
650 4 _aNovela cubana
_92316
650 4 _aLiteratura cubana
_91483
910 _aValidado. Control de calidad MFF
049 _aBNGR
999 _c7830
_d7830